Rozvíjanie socializmu na Slovensku v prvej polovici šesťdesiatych rokov

Na minha lista:
Detalhes bibliográficos
Outros Autores: Gabaľ, Andrej
Formato: Livro
Idioma:eslovaco
Publicado em: Bratislava Pravda 1979
Tags: Adicionar Tag
Sem tags, seja o primeiro a adicionar uma tag!

MARC

LEADER 00000nam a2200000 4500
001 c129245
005 20041019155245.8
041 0 |a slo 
044 |a SK 
245 1 0 |a Rozvíjanie socializmu na Slovensku v prvej polovici šesťdesiatych rokov  |c Red. Andrej Gabaľ 
264 1 |a Bratislava  |b Pravda  |c 1979 
300 |a 309 s. 
700 1 |a Gabaľ, Andrej